Tài liệu thi kiểm tra năng lực tiếng Nhật trình độ trung cấp, câp 3

Na minha lista:
Detalhes bibliográficos
Formato: Livro
Tags: Adicionar Tag
Sem tags, seja o primeiro a adicionar uma tag!
Thư viện lưu trữ: Mạng thư viện Đại học Đà Nẵng
LEADER 00460nam a22001691a 4500
001 000038620
003 14915
005 20160412021427.0
008 160412s0 000
082 |a 4N(07)82-84 
245 |a Tài liệu thi kiểm tra năng lực tiếng Nhật trình độ trung cấp, câp 3 
OWN |a LNN 
999 |a From the UDN01 
TYP |a Monograph 
980 |a Mạng thư viện Đại học Đà Nẵng